000 00577nam a2200193 a 4500
001 BRCA_602
005 20190320203100.0
008 950323s1994 mx-a---##b---#001-0#spa-#
020 _a9706205810
040 _aDLC
_cDLC
050 4 _aTS543.M4
_b.P56 1994
100 1 _aPiña Garza, Eduardo
_92068
245 1 0 _aLos relojes de México
_cEduardo Piña Garza.
260 _aMéxico
_bUAM, Azcapotzalco
_c1994
300 _axv, 189 p.
_bil. (algunas a color)
_c29 cm.
504 _aIncluye referencias bibliográficas
650 1 4 _aRelojes
_xHistoria
_zMéxico
_92069
942 _2lcc
_cB
999 _c529
_d529